000 00956nam a22002537a 4500
999 _c5676
_d5676
003 OSt
005 20251014092311.0
008 251014b ||||| |||| 00| 0 eng d
020 _a9781474915083
_qbook set
040 _cKH8
082 _aFIC CAR
100 _aCarroll, Lewis,
_eauthor.
245 _aAlice in Wonderland /
_cLewis Carroll and illustrated by Mauro Evangelista.
260 _aEngland ;
_bUsborne Publishing Ltd ,
_c2006.
300 _a64 pages :
_bcolour illustrations ;
_c20 cm.
490 _aUsborne Young Reading
_vseries two
520 _aAn ordinary day becomes extraordinary when Alice follows the White Rabbit down a rabbit hole and finds herself in Wonderland. Join her as she meets one incredible character after another.
650 _aEasy reading
_vfiction
650 _aStory book
_vfiction
650 _aYoung readers
700 _aEvangelista, Mauro,
_eillustrator.
830 _aUsborne Young Reading
942 _2ddc
_cFIC